[Event "SLO-chT 12th"]
[Site "Bled"]
[Date "2002.11.21"]
[Round "5"]
[White "Atalik, Suat"]
[Black "Runic, Zoran"]
[Result "1-0"]
[WhiteElo "2575"]
[BlackElo "2438"]
[Annotator "Atalik,S"]
[PlyCount "89"]
[EventDate "2002.11.18"]
[EventType "team-tourn"]
[EventRounds "9"]
[EventCountry "SLO"]
[SourceTitle "CBM 092"]
[Source "ChessBase"]
[SourceDate "2003.02.06"]
[SourceVersion "1"]
[SourceVersionDate "2003.02.06"]
[SourceQuality "1"]
[WhiteTeam "Ptuj"]
[BlackTeam "Ljubljana SD dr. Milan Vidmar"]
[WhiteTeamCountry "SLO"]
[BlackTeamCountry "SVK"]

1. d4 d6 {No more Snake Benoni(what a moronic name for an opening) from my
mighty blitzer opponent!} 2. Nf3 Bg4 {One of the openings I have almost an
100% score with.} 3. c4 c6 4. Nc3 Bxf3 5. exf3 {Since Rubinstein-Schlechter,
Berlin 1918,it is known that this structure offers white quite a lot.} Nf6 6.
d5 cxd5 7. cxd5 a6 $6 {Already bad!} (7... Nbd7 8. Be2) 8. f4 Nbd7 9. g4 $1 $16
{Probably the late Dr.Tarrasch would say" like I have never had such a winning
position after 9 moves in my life!".} Qa5 10. Bg2 {After simple moves white
has a huge edge.} g6 11. O-O Bg7 12. Re1 {e7 pawn os blacks soft belly!} h6 13.
Bd2 Qd8 14. Qe2 {This hinders blacks development,I already had the game
scenario in my mind.} Rc8 15. Rad1 {After the plan with Bc1 and Rd3 black
would have nothing to prevent white to prevail.} Nb6 16. Bc1 Rc7 17. Rd3 O-O
18. f5 $1 {That is the point,white does not go for g5 thrust but f5 is really
very strong to meet.} g5 (18... gxf5 19. g5 $1 (19. gxf5 $6 Kh7 20. Rg3 Rg8 21.
Bf3 Qc8) 19... hxg5 20. Bxg5 Re8 21. Rg3 $18 {with an irresistable attack.})
19. h4 Nh7 20. hxg5 hxg5 ({the more obvious looking like} 20... Nxg5 {would be
met by} 21. f4 Nh7 22. g5 $18) 21. Ne4 Bf6 22. Qe3 $1 {Everything to the h
line.} Nc4 (22... Qc8 23. Nxf6+ exf6 24. Qxb6 Rxc1 25. Rde3 $18 {leaves black
with a horribly squeezed knight on h7.}) 23. Qh3 Ne5 24. Rg3 Rxc1 $5 {Trying
to get some air to breath.} (24... Kg7 25. Qh5 Rh8 26. Rh3 $18) 25. Rxc1 Nd7
26. Nxf6+ {White has couple of ways to win this moment on.} (26. Qh6 Re8 27.
Rh3 Ndf8 28. Nxf6+ exf6 29. Rb3 $18) 26... Nhxf6 {Luring my queen to h6.} (
26... exf6 27. Qh2 Re8 28. Rh3 Ndf8 29. Bf3 Qb6 30. Kg2 Qxb2 31. Rh1 $18) (
26... Ndxf6 27. Re3 Re8 28. Rce1 Qb6 29. b3 Qd4 30. Bf3 $18) 27. Qh6 Nh7 28.
Rh3 Ndf6 29. Re1 $1 Qb6 $1 (29... Re8 {allows the beautiful finish.} 30. Re6 $3
fxe6 31. fxe6 Kh8 32. Be4 Qa5 33. Kg2 $1 {black is all tied up.} (33. Bxh7 $4
Qe1+ 34. Kg2 Nxg4 $19) 33... Qa4 34. Bf5 $1 {Qg6 is coming and Rg8 is
unplayable in any moment due to the checkmate!} Qd4 (34... Rg8 35. Qxh7+ Nxh7
36. Rxh7#) 35. Qg6 Qxd5+ 36. Kg1 Qd1+ 37. Kh2 Nxg4+ 38. Bxg4 $18) 30. Rxe7 (30.
Re2 $18 {was also simple.}) 30... Qxb2 31. Bf3 b5 $2 {Not showing stiff
resistance.} (31... Rc8 $1 32. Rh1 Rc2 33. Qh2 Qa1+ 34. Kg2 Qd4 35. Re2 Rxe2
36. Bxe2 Qxd5+ 37. Bf3 Qxa2 38. Qxd6 $18) 32. Rd7 $1 Qe5 33. Kg2 $18 a5 34. Rh1
b4 $2 {Nothing might have changed blacks fate.} (34... a4 35. Rb7 Qb2 36. Qh2
Rd8 37. Rb6 b4 38. Rxd6 Rxd6 39. Qxd6 $18) 35. Ra7 {Wins another pawn.} Qd4 (
35... Qc3 36. Rxa5 b3 37. Ra3 $18 {is the trick.}) 36. Rxa5 Rc8 37. Ra6 Rd8 38.
Qh2 Kg7 39. Rxd6 Rxd6 40. Qxd6 Nxg4 41. Qg3 Ngf6 {A sad return!} (41... Ne5 42.
Qh2 $18) 42. d6 Qc4 (42... g4 43. Rd1 Qb6 44. d7 Qd8 45. Bxg4 Nxd7 46. Rxd7 $18
) 43. Qe5 $1 {Now d pawn walks to be promoted.} Nf8 (43... g4 44. Bd5 Qc5 45.
Rh4 $18) 44. Qh2 N8h7 45. d7 $1 1-0

[Event "Bermuda-B"]
[Site "Bermuda"]
[Date "2002.01.25"]
[Round "5"]
[White "Alvarez Marquez, Johan"]
[Black "Nyback, Tomi"]
[Result "1-0"]
[WhiteElo "2379"]
[BlackElo "2448"]
[Annotator "Atlas,V"]
[PlyCount "53"]
[EventDate "2002.01.21"]
[EventType "tourn"]
[EventRounds "9"]
[EventCountry "BER"]
[EventCategory "8"]
[SourceTitle "CBM 088"]
[Source "ChessBase"]
[SourceDate "2002.03.21"]
[SourceVersion "1"]
[SourceVersionDate "2002.03.21"]
[SourceQuality "1"]

1. d4 d6 2. Nf3 Nf6 3. c4 Bg4 4. Nbd2 c5 5. d5 g6 6. h3 Bxf3 7. exf3 Bg7 8. a4
O-O 9. Bd3 e6 10. dxe6 fxe6 11. O-O Nc6 12. Re1 Qd7 13. Ra3 Nh5 14. Bf1 b6 15.
g3 Nd4 16. Bg2 a6 17. f4 Rae8 18. Nf3 b5 19. axb5 axb5 20. Be3 bxc4 21. Nxd4
cxd4 22. Bxd4 d5 $2 ({A decisive mistake. Correct was} 22... Bxd4 23. Qxd4 d5)
23. Ra7 Qd6 {[%tqu "En","How can White use the superior activity of his
pieces?","Exploit a shaky position of the enemy bishop.","Sacrifice your queen
to eliminate a key defender of Black's kingside.","d1h5","This very elegant
move wins on the spot!",5]} 24. Qxh5 $1 {[%csl Rg7,Rg8][%cal Ga7g7,Gd4g7] Now
it's over!} Rf7 (24... gxh5 {loses in view of} 25. Rxg7+ Kh8 26. Rd7+) ({If} 
24... Bxd4 {then} 25. Qxh7#) 25. Rxf7 $1 {The strongest continuation.} (25. Qd1
$6 Rxa7 26. Bxa7 Bxb2 27. Bd4 {is definitely less convincing.}) 25... gxh5 26.
Rxg7+ Kf8 27. Rxh7 {[%cal Ge1a1,Ga1a7,Ga7f7]} (27. Ra1 e5 $140 28. Raa7 {
was winning as well.}) (27. Rxh7 {, and Black resigned, as he is defenseless
against the maneuver Ra1-a7.}) 1-0

[Event "USA-ch"]
[Site "Greenville"]
[Date "1983.??.??"]
[Round "2"]
[White "Christiansen, Larry Mark"]
[Black "Soltis, Andrew E"]
[Result "1-0"]
[WhiteElo "2520"]
[BlackElo "2455"]
[Annotator "Bulletin"]
[PlyCount "65"]
[EventDate "1983.07.??"]
[EventType "tourn"]
[EventRounds "13"]
[EventCountry "USA"]
[EventCategory "10"]
[SourceTitle "MCL"]
[Source "ChessBase"]
[SourceDate "1999.07.01"]
[SourceVersion "1"]
[SourceVersionDate "1999.07.01"]
[SourceQuality "1"]

1. d4 Nf6 2. c4 d6 3. Nc3 Nbd7 4. e4 e5 5. d5 (5. Nf3) 5... Be7 6. Be3 O-O 7.
f3 c6 8. Qd2 a6 9. Bd3 cxd5 10. exd5 Nc5 11. Bc2 a5 $1 (11... b5 $6 12. b4 Ncd7
13. a4) 12. Nge2 a4 $1 13. O-O (13. Bxc5 dxc5 14. Bxa4 e4) 13... Qa5 14. Nc1 (
14. Rab1 b5) 14... Bd7 (14... b5 $6 15. a3 {/\Nc1-a2-b4}) 15. Nd3 Nxd3 16. Bxd3
Rfc8 17. Rfc1 Be8 (17... Bd8 18. Nb5 $1) 18. Ne2 $1 Bd8 19. Qxa5 Bxa5 20. g4 h6
$4 (20... Kf8) 21. Ng3 Bd7 22. Kf2 Kf8 23. h4 $6 (23. a3 $1) 23... Ne8 $6 (
23... a3 $1) 24. a3 $1 Bd8 25. g5 hxg5 26. hxg5 Nc7 27. f4 exf4 28. Bxf4 Ke7
29. Rh1 $1 Ne8 30. Be3 $1 Bc7 31. Bd4 g6 32. Rh7 Bb8 33. Ke3 {/\34.Rf1} 1-0

[Event "USA-ch"]
[Site "Long Beach"]
[Date "1993.??.??"]
[Round "8"]
[White "Gurevich, Dmitry"]
[Black "Shabalov, Alexander"]
[Result "0-1"]
[WhiteElo "2575"]
[BlackElo "2590"]
[Annotator "Bulletin"]
[PlyCount "80"]
[EventDate "1993.12.??"]
[EventType "tourn"]
[EventRounds "11"]
[EventCountry "USA"]
[EventCategory "14"]
[SourceTitle "CBM 039"]
[Source "ChessBase"]
[SourceDate "1994.04.01"]
[SourceVersion "1"]
[SourceVersionDate "1994.04.01"]
[SourceQuality "1"]

1. d4 Nf6 2. Nf3 d6 3. g3 Nbd7 4. Bg2 e5 5. c4 (5. dxe5 dxe5 6. O-O Be7 {
doesn't do much for the White position, Varejcko-Espig, Cattolica Open 1993.})
5... Be7 6. O-O O-O 7. Qc2 c6 8. c5 d5 9. dxe5 Ne4 10. Nc3 Nxc3 11. bxc3 Nxc5
12. Nd4 Re8 13. h4 Bf8 14. Bf4 Qa5 15. Rac1 Be6 16. Rb1 Rad8 17. e4 dxe4 18.
Bxe4 Nxe4 19. Nxe6 Rxe6 20. Qxe4 b6 21. Rfd1 Rxd1+ 22. Rxd1 Qxc3 23. Rd8 {
This pin is now the focus of the game. There is no way to break it, and White
finds an elegant method of expolitation.} Qa1+ (23... Qc5 $5) 24. Kg2 Qxa2 25.
Bd2 $1 a5 26. Qd4 $1 f6 $6 (26... c5 {seems much more solid.}) 27. Qxb6 fxe5
28. Qc5 $1 Rf6 29. Bg5 Rf7 30. Be7 Qe2 (30... Rxe7 31. Qxe7 Qf7 32. Qxe5 a4 33.
Ra8 a3 34. Qc5) 31. Bxf8 $4 {The wrong capture lets the win slip away.} (31.
Rxf8+ Rxf8 32. Bxf8 $18) 31... Qf3+ $1 {One man gathers what another man
spills.} 32. Kg1 Rxf8 33. Rxf8+ Qxf8 34. Qxc6 Kh8 35. Qa6 (35. Qb5 Qd8 36. Qxe5
{seemed more logical, though it would not have altered the result.}) 35... Qd8
36. g4 h6 37. Kg2 Qd5+ 38. Kg3 e4 39. Kf4 $2 g5+ 40. Kg3 (40. hxg5 hxg5+ 41.
Ke3 Qd3+ 42. Qxd3 exd3 43. Kxd3 a4 44. Kc3 Kg7 45. Kb4 Kf6 46. Kxa4 Ke5 47. f3
Kf4 $19) 40... Qd3+ 0-1

[Event "Esbjerg North Sea Cup-08"]
[Site "Esbjerg"]
[Date "1984.07.??"]
[Round "3"]
[White "Miles, Anthony John"]
[Black "Mestel, A Jonathan"]
[Result "1-0"]
[WhiteElo "2565"]
[BlackElo "2540"]
[Annotator "ChessBase"]
[PlyCount "61"]
[EventDate "1984.07.??"]
[EventType "tourn"]
[EventRounds "11"]
[EventCountry "DEN"]
[EventCategory "10"]
[SourceTitle "MCL"]
[Source "ChessBase"]
[SourceDate "1999.07.01"]
[SourceVersion "1"]
[SourceVersionDate "1999.07.01"]
[SourceQuality "1"]

1. d4 Nf6 2. c4 d6 3. Nc3 Nbd7 4. e4 e5 5. d5 Nc5 6. f3 a5 7. Be3 Be7 8. Qd2 h6
$5 $146 9. O-O-O Bd7 (9... Nh7 $142 $5 10. g3 f5 $132) 10. g3 a4 11. Kb1 Qb8 $6
12. Bh3 Qa7 13. Bxd7+ Nfxd7 (13... Kxd7 14. f4 $1 $40 {עd7}) 14. Nb5 Qb6 15.
Ne2 O-O 16. g4 c6 $2 (16... a3 $1 17. b3 c6 $1 18. Nbc3 $14) 17. Na3 $1 $16 Qa6
18. Ng3 Rfd8 (18... cxd5 19. Nf5 Bd8 20. Qxd5 $18) 19. Nf5 Bf8 20. Rhg1 $40
cxd5 21. exd5 $1 e4 22. g5 Ne5 23. gxh6 g6 $8 (23... Nxf3 24. Rxg7+ Bxg7 25.
Qg2) 24. Bg5 $1 (24. Qc3 Qa5 $1 $13) 24... Nxf3 (24... Rd7 25. h7+ Kxh7 26. Qg2
$18) 25. Qc3 Nxg5 (25... Kh7 26. Be7 Ne5 27. Nxd6 $1 $18) (25... Nxg1 26. Ne7+
Kh7 27. Qf6 $18) (25... Ne5 26. h7+ Kxh7 27. Qh3+ Kg8 28. Bf6 $18) 26. Rxg5 Nd7
(26... Kh7 27. Qf6 Rd7 28. Rdg1 {/\Rg6+-}) 27. h7+ $1 Kxh7 28. Rdg1 $18 (28.
Qh3+ Kg8 29. Rh5 Bg7 $1 $8) 28... Ne5 29. Qh3+ Kg8 30. Rh5 Bg7 31. Rh7 (31. Rh7
Bf6 32. Qh6 {/\Rg7,Rh8,Ne7}) 1-0

[Event "(GER-ch) Internationa06 DSB Mephisto GM"]
[Site "Hannover"]
[Date "1983.08.17"]
[Round "10"]
[White "Sosonko, Gennadi"]
[Black "Kavalek, Lubomir"]
[Result "1/2-1/2"]
[WhiteElo "2585"]
[BlackElo "2560"]
[Annotator "ChessBase"]
[PlyCount "81"]
[EventDate "1983.08.05"]
[EventType "tourn"]
[EventRounds "15"]
[EventCountry "GER"]
[EventCategory "9"]
[SourceTitle "MCL"]
[Source "ChessBase"]
[SourceDate "1999.07.01"]
[SourceVersion "1"]
[SourceVersionDate "1999.07.01"]
[SourceQuality "1"]

1. d4 d6 2. Nf3 Nf6 3. c4 Bg4 4. Nc3 Nbd7 (4... c6 5. e4 Nbd7 6. Be2 e5 7. O-O
Be7 8. Be3 O-O 9. d5 a6 10. b4 Qb8 11. Nd2 Bxe2 12. Qxe2 Rc8 13. Rfc1 cxd5 14.
cxd5 Bd8 15. Nb3 Bb6 $10 {Smejkal-Rajkovic/Vrsac/1983/}) 5. e4 e5 6. Be3 exd4
7. Bxd4 (7. Qxd4 $5 Bxf3 (7... g6 $142 $5) 8. gxf3 g6 9. O-O-O Bg7 10. f4 O-O
11. Qd2 Nh5 12. h4 $16) 7... g6 (7... Nc5 8. Be2 $5 (8. Bd3 $14 {()}) 8...
Ncxe4 9. Nxe4 Nxe4 10. Nd2 $1 Bf5 $8 11. Nxe4 Bxe4 12. O-O $44) 8. Be2 Bh6 $6 {
/\c5} (8... Bg7 $142) 9. Nd2 Be6 (9... Bxe2 10. Qxe2 O-O 11. O-O {/\f4+/-}) 10.
Nd5 (10. f3 O-O 11. O-O Nh5 12. Kh1 (12. g3 $2 Nxg3 $1 13. hxg3 Qg5 $17) 12...
Qg5 13. Nb3 Ne5 $36) 10... O-O 11. O-O c6 $6 (11... Bxd2 12. Nxf6+ Nxf6 13.
Qxd2 Nxe4 14. Qh6 $44 {->׻}) (11... c5 $142 $5 12. Bc3 (12. Be3 Bxe3 13. Nxe3
Ne5 14. f4 Nc6 $13) 12... Bxd2 13. Nxf6+ Nxf6 14. Bxd2 Nxe4 15. Bh6 Re8 $13)
12. Nxf6+ Nxf6 13. f4 $16 Bg7 14. Kh1 Re8 15. Bc3 (15. Rc1 $142 $16) 15... d5
$5 16. cxd5 cxd5 17. f5 $6 (17. e5 Ne4 18. Bd4 f6 $132) 17... gxf5 (17... Bc8
$1 18. fxg6 (18. e5 d4 19. exf6 dxc3 20. fxg7 cxd2 21. f6 Re6 $17) 18... hxg6
19. exd5 Nxd5 20. Bxg7 Kxg7 $10) 18. exf5 Bd7 19. Bd4 (19. Nb3 $1 Ba4 20. Bf3
$16) 19... Ne4 $6 (19... Ng4 $1 $13) 20. Nxe4 dxe4 21. Bxg7 (21. f6 $5 Bf8 22.
Bc4 {/\Bc4} Be6 23. Bb5 Bd7 24. Bc5 $1 Re5 $1 $8 (24... Bxc5 25. Bxd7 $18) (
24... Bxb5 25. Qg4+ Kh8 26. Bxf8 $18) 25. Bxd7 Rxc5 26. Qg4+ Kh8 27. Rae1 $16 (
27. Bf5 $16)) 21... Kxg7 22. Bc4 f6 $8 23. Qh5 Kh8 24. Rae1 Re7 $6 (24... Bc6
25. Re3 $40) 25. Qh4 Qb6 26. Be6 $1 Qxb2 (26... Rf8 27. Qh6 $18) 27. Rb1 Qe5
28. Rxb7 Rd8 29. Re1 $1 (29. Rd1 Be8 $1) (29. Qg3 Qxg3 30. hxg3 Rg7 31. Rd1 e3
32. Bxd7 e2 33. Re1 Rgxd7 34. Rxd7 Rxd7 35. Rxe2 Rd3 $44) 29... Rg7 30. Qh6 e3
31. Rxd7 $2 $138 (31. Bxd7 e2 (31... Qe4 32. Qxg7+ $1 Kxg7 33. Bc6+ $18) 32.
Be8 $1 $18) 31... Rdxd7 32. Bxd7 Qd5 $10 33. Qh3 Rxd7 34. Qxe3 Qxf5 35. Qe8+
Kg7 36. h3 Rf7 37. Re4 (37. Re3 Qf4 38. Rf3 Qd6 $10) 37... h5 38. Kh2 Qd7 39.
Qxd7 Rxd7 40. Ra4 Kg6 41. Kg3 1/2-1/2

[Event "Thaelmann Memorial"]
[Site "Berlin East"]
[Date "1989.04.15"]
[Round "9"]
[White "Boensch, Uwe"]
[Black "Lerner, Konstantin Z"]
[Result "1-0"]
[WhiteElo "2490"]
[BlackElo "2535"]
[Annotator "ChessBase"]
[PlyCount "97"]
[EventDate "1989.04.06"]
[EventType "tourn"]
[EventRounds "9"]
[EventCountry "DDR"]
[EventCategory "10"]
[SourceTitle "CBM 013"]
[Source "ChessBase"]
[SourceDate "1989.12.01"]
[SourceVersion "1"]
[SourceVersionDate "1989.12.01"]
[SourceQuality "1"]

1. d4 Nf6 2. c4 d6 3. Nc3 Nbd7 4. e4 e5 5. d5 Be7 (5... Nc5 6. f3 a5 7. Be3 Be7
8. Qd2 Nfd7 9. Nh3 Nf8 10. g3 h5 11. O-O-O h4 12. Nf2 Ng6 13. Bh3 Bxh3 14. Nxh3
a4 15. Kb1 Qd7 16. Nf2 Ra6 $2 17. f4 $16 {Boensch,U-Knaak,R/Balatonbereny/1987/
}) 6. Be3 c6 7. f3 O-O 8. Bd3 {8.Nh3-f2} Nh5 9. Qd2 g6 10. Nge2 f5 11. O-O-O $6
(11. exf5 $1 gxf5 12. O-O-O) 11... f4 12. Bf2 c5 $14 13. Kb1 a6 14. Rhf1 Ng7
15. Nc1 Rb8 16. Qe2 Nf6 17. a4 Nge8 18. N1a2 a5 $1 (18... Nc7 19. b4 $16) 19.
Nb5 Nc7 20. g3 Nxb5 21. cxb5 $1 {/\ Na2 -> c4} fxg3 22. hxg3 Nh5 23. Rh1 Rf7
24. Rdf1 Bd7 25. Nc3 b6 26. Be1 (26. Nd1 Bg5 27. Ne3 Bxe3 28. Qxe3 Qe7 29. f4
$1 $36) 26... Bg5 27. Bc4 Qe7 28. Nd1 Rbf8 29. Qg2 Bh6 $1 {/\ ...Qg5} 30. g4 $5
Nf4 (30... Qg5 $2 31. Qc2 Nf4 32. Bh4 $18) 31. Qg1 Bg5 32. Bc3 Rg7 33. Rf2 Kf7
34. Rc2 $1 h5 {?; Knaak} (34... Ke8 35. Ne3 Kd8 36. Bf1 Kc7 37. Nc4 Kb7 {
37...h5 38.Bxe5} 38. b4 $40) 35. Ne3 $16 Ke8 36. Ka2 Bc8 37. Bf1 Qf6 $2 (37...
hxg4 38. fxg4 $14) 38. Nc4 $18 Rb7 39. gxh5 gxh5 40. Nxd6+ $1 Qxd6 41. Qxg5 Re7
42. Rch2 Kd7 43. Rxh5 Nxh5 44. Rxh5 Qf6 (44... Rxf3 45. Qg4+) 45. Bh3+ Kc7 46.
Qxf6 Rxf6 47. Rxe5 $1 Rff7 48. Rxe7+ Rxe7 49. d6+ {Uwe Bönsch} 1-0

[Event "Dieren op"]
[Site "Dieren"]
[Date "1997.??.??"]
[Round "8"]
[White "Chuchelov, Vladimir"]
[Black "De Heer, Machiel"]
[Result "1-0"]
[WhiteElo "2525"]
[BlackElo "2325"]
[Annotator "Chuchelov,V"]
[PlyCount "59"]
[EventDate "1997.07.??"]
[EventType "swiss"]
[EventRounds "9"]
[EventCountry "NED"]
[SourceTitle "CBM 060"]
[Source "ChessBase"]
[SourceDate "1997.09.29"]
[SourceVersion "1"]
[SourceVersionDate "1997.09.29"]
[SourceQuality "1"]

1. Nf3 d6 2. d4 Bg4 3. e3 Nf6 4. c4 e6 5. Nc3 c6 6. d5 $5 {An interesting
continuation. White prevents black playing 6..d6-d5 which would lead to a
Slavisch type of position with the white squared bishop outside the pawn chain.
} exd5 (6... e5 7. Be2 Be7 8. O-O O-O 9. e4 Nbd7 10. Be3 {would lead to a well
known position (A53) with slightly better chances for white.}) 7. cxd5 Be7 (
7... cxd5 8. Nxd5 Qa5+ 9. Nc3 Nc6 10. Be2 Be7 11. O-O O-O 12. h3 $14) 8. Be2
O-O 9. O-O Re8 10. h3 Bh5 (10... Bc8 11. e4 Nbd7 12. Re1 Nc5 13. Bf1 Bf8 14.
dxc6 bxc6 15. e5 $14) (10... Bxf3 11. Bxf3 c5 12. Rb1 Nbd7 13. b4 $14) 11. Nd4
$5 ({The alternative is} 11. b3 Nbd7 (11... Qa5 12. Bb2 cxd5 13. a3 Nbd7 14. b4
Qb6 15. Nxd5 Nxd5 16. Qxd5 $16) 12. Bb2 Bf8 13. Nd4 Bxe2 14. Ndxe2 $14) (11.
Qb3 Qb6 $1) 11... Bxe2 12. Ndxe2 Nbd7 13. e4 Bf8 14. Ng3 Nc5 15. Qf3 (15. Qd4
Qb6) 15... cxd5 16. exd5 Nfd7 17. Be3 Ne5 18. Qe2 Rc8 19. Rad1 $14 Qa5 20. Rfe1
Na4 $6 (20... Ncd7 $1 21. Bd4 Nf6 22. Qd2 Nc4 23. Rxe8 Rxe8 24. Qc2 $14) 21.
Nce4 Nb6 22. Nf5 Rcd8 23. a3 $1 {A quiet move which underlines White's strong
initiative.} Nbc4 24. Bg5 $138 ({White could exploit his initiative by playing
} 24. Bd4 $1 $16 Qc7 $140 (24... Qxd5 25. Nh6+ Kh8 26. Bxe5 $18) 25. Rc1 Qd7
26. Nh6+ Kh8 27. Rxc4 Nxc4 28. Ng5 Rxe2 29. Rxe2 Rc8 30. Ngxf7+ Qxf7 31. Nxf7+
Kg8 32. Ng5 $18 {Fritz}) 24... f6 $2 (24... Rc8 $8) 25. Bxf6 gxf6 26. Nxf6+ Kh8
27. b4 Qc7 28. Nxe8 Rxe8 29. f4 Qf7 30. fxe5 1-0

[Event "Baile Herculane"]
[Site "Baile Herculane"]
[Date "1984.03.??"]
[Round "?"]
[White "Vera Gonzalez Quevedo, Reynaldo"]
[Black "Espig, Lutz"]
[Result "1/2-1/2"]
[WhiteElo "2440"]
[BlackElo "2420"]
[Annotator "Espig,L"]
[PlyCount "97"]
[EventDate "1984.03.03"]
[EventType "tourn"]
[EventRounds "13"]
[EventCountry "ROU"]
[EventCategory "7"]
[SourceTitle "EXT 2014"]
[Source "ChessBase"]
[SourceDate "2013.11.20"]
[SourceVersion "1"]
[SourceVersionDate "2013.11.20"]
[SourceQuality "1"]

{SCHACH 5/1984 Seiten 207-208} 1. d4 Nf6 2. c4 d6 3. Nc3 Nbd7 4. e4 e5 5. Nge2
Be7 6. g3 c6 7. Bg2 a6 8. O-O O-O 9. f4 Re8 $1 {Schwarz behauptet das Zentrum,
der Ne2 steht schlecht.} 10. Kh1 Bf8 11. Qc2 b6 12. d5 Bb7 13. a4 b5 $5 {
Schwarz bringt ein positionelles Bauernopfer,} ({soilder war} 13... Rc8) 14.
fxe5 dxe5 15. dxc6 Bxc6 16. axb5 axb5 17. Rxa8 Qxa8 18. cxb5 Bb7 19. Bg5 h6 20.
Bxf6 Nxf6 21. h3 Qa5 22. Kh2 Rc8 23. Qb3 Rb8 24. Qc2 Bc8 25. Nc1 Be6 $2 {
Remis durch Zugwiederholung wurde von mir vermieden,} ({aber ich musste jetzt
unbedingt mit} 25... Bd7 {den Bauern zurückholen.}) 26. Nd3 Nd7 27. Rc1 Be7 28.
Bf1 Bg5 29. Re1 Be7 {Schwarz ist ratlos.} 30. Qf2 Qc7 31. Qf3 Bg5 $4 32. Nb4 {
Nun steht Weiß praktisch auf Gewinn.} Qd6 33. Nc6 Ra8 34. Rd1 Qc5 35. h4 $1 Bf6
36. Bh3 Nb6 37. Bxe6 fxe6 38. Kh3 Kh8 39. Qe2 Kh7 40. Rd3 Na4 {[#]Die letzten
10 Züge geschahen in beiderseitiger hoher Zeitnot. Weiß musste nun seinen Zug
abgeben. Noch am Brett erkannte ich mit Entsetzen,} 41. g4 $2 {Obwohl ich
diesen Zug überhaupt nicht analysiert hatte, fiel mir ein Stein vom Herzen.} ({
dass} 41. Qe3 {sofort gewinnt} Qc4 (41... Qxe3 42. Rxe3 Nxb2 43. b6 {ist
hoffnungslos}) 42. b3 $1 Qxb3 43. Nd5 Qb1 44. Nxf6+ gxf6 45. Rd7+ Kg8 (45...
Kg6 46. h5+ {nebst matt}) 46. Qf3 f5 47. Ne7+ {und aus}) 41... Nxc3 42. Rxc3
Qg1 43. Qg2 Qe1 44. Rg3 Bd8 45. g5 hxg5 46. hxg5 g6 47. Qf3 Bxg5 $1 48. Rxg5
Rf8 $1 49. Qxf8 {Pattstellung. Das war die einzige Partie, in der ich
ernsthaft gefährdet stand.} 1/2-1/2